000 00514nam a2200181Ia 4500
005 20250923145415.0
008 008 250917s9999 xx 000 0 eng d
037 _aTextual
040 _aDSWL
_beng
_cDSWL
041 _aeng
_2eng
084 _aX
_qDSWL
100 _aEpstein, T.S.
_9834990
245 0 _aSouth India : Yesterday , today and tomorrow
_c by T.S. Epstein
260 _aLondon
_bThe Macmillan Press
_c1973
300 _axviii,273 p.
942 _cTEXL
_hX
999 _c1450990
_d1450990